000 00324nam a22001457a 4500
008 230613b ||||| |||| 00| 0 eng d
020 _a9781284205435
041 _aeng
080 _2FOURTH EDITION
_a616
082 _a616STO
100 _a14.2
101 _aPTF
245 _aPATHOPHYSIOLOGY
_cSTORY .L
942 _2udc
_cBK
999 _c59959
_d59959